000 00230nam a2200085Ia 4500
245 0 _aTansy's children
100 _a GREY, Alice Bath, 2009 Large print ed
_942204
942 _cBK
008 210817s9999 xx 000 0 und d
999 _c426358
_d426357